| 000 | 00759nam a22001817a 4500 | ||
|---|---|---|---|
| 003 | BD-DhUL | ||
| 005 | 20170517172228.0 | ||
| 008 | 170517s1990 bg a|||| |||| 00| 0 eng | | ||
| 040 |
_aBD-DhUL _cBD-DhUL |
||
| 082 |
_a954.92 _bAKB |
||
| 100 | 1 | _aআকাশ, এম এম । | |
| 245 | 1 | 0 |
_aভাষা-আন্দোলন : _bশ্রেণীভিত্তি ও রাজনৈতিক প্রবণতাসমূহ / _cএম এম আকাশ । |
| 260 |
_aঢাকা : _bইউনিভার্সিটি প্রেস, _c১৯৯০ । |
||
| 300 |
_a [১৬], ৭২পৃ. ; _c২০ সে. মি. । |
||
| 650 | 0 | _aবাংলাদেশ ইতিহাস । | |
| 650 | 0 | _aBangladesh - history. | |
| 942 |
_2ddc _cBK |
||
| 999 |
_c198930 _d198930 |
||